000 01497nam a22002177a 4500
999 _c58699
_d58699
003 Ge_BSU
005 20220701101245.0
008 220701s2015 ge ||||| |||| 00| 0 geo d
020 _a9789941941160
041 _ageo
080 _a821.353.1-82 ფ-55
245 _aფილოლოგიური მაცნე :
_bტ.2 /
_cბათუმის შოთა რუსთაველის სახელმწიფო უნივერსიტეტი ; ქართული ფილოლოგიის დეპარტამენტი; მთავარი რედაქტორი რამაზ ხალვაში; ტომის რედაქტორი ნანა ცეცხლაძე.
264 _aთბილისი :
_bივერიონი,
_c2015.
300 _a248 გვ.
_b20 სმ.
520 _aრეზიუმე ინგლ. ენაზე თემების ბოლოს
653 _aქართული ფილოლოგია
700 _aხალვაში, რამაზ
_eმთავარი რედაქტორი.
_92151
700 _aცეცხლაძე, ნანა
_eტომის რედაქტორი
_94739
710 _aბათუმის შოთა რუსთაველის სახელმწიფო უნივერსიტეტი
_bქართული ფილოლოგიის დეპარტამენტი
_94743
942 _2udc
_cBK